| 000 | 00000nam 2200000zi 4500 |
| 001 | 9.946344 |
| 003 | CaOODSP |
| 005 | 20250120152024 |
| 006 | m o d f |
| 007 | cr |n||||||||| |
| 008 | 241219t20252025oncda obs f00| 0 eng d |
| 020 | |a9780660750217 |
| 040 | |aCaOODSP|beng|erda|cCaOODSP |
| 043 | |an-cn--- |
| 086 | 1 |aHP40-377/2025E-PDF |
| 245 | 00|aViral hepatitis estimates among key populations, Canada, 2021. |
| 264 | 1|a[Ottawa] : |bPublic Health Agency of Canada = Agence de la santé publique du Canada, |c2025. |
| 264 | 4|c©2025 |
| 300 | |a1 online resource (1 page) : |bcharts, illustrations |
| 336 | |atext|btxt|2rdacontent |
| 337 | |acomputer|bc|2rdamedia |
| 338 | |aonline resource|bcr|2rdacarrier |
| 500 | |aIssued also in French under title: Estimations de l'hépatite virale chez les populations clés, Canada, 2021. |
| 504 | |aIncludes bibliographical references. |
| 650 | 0|aHepatitis, Viral|zCanada|vStatistics. |
| 655 | 7|aInfographics|2lcgft |
| 655 | 7|aStatistics|2lcgft |
| 710 | 2 |aPublic Health Agency of Canada, |eissuing body. |
| 775 | 08|tEstimations de l'hépatite virale chez les populations clés, Canada, 2021.|w(CaOODSP)9.946345 |
| 856 | 40|qPDF|s151 KB|uhttps://publications.gc.ca/collections/collection_2025/aspc-phac/HP40-377-2025-eng.pdf |
| 856 | 4 |qHTML|sN/A|uhttps://www.canada.ca/en/public-health/services/publications/diseases-conditions/viral-hepatitis-estimates-key-populations-2021.html |